000 00832nam a2200193 i 4500
001 6153
003 ES-MaACL
005 20230906144819.0
008 890821s1988 sp ||||1| spa d
080 _a342.565.2(460)
245 1 0 _aTítulo noveno de la Constitución española, Ley Orgánica, normas complementarias, acuerdos y otras disposiciones referentes al Tribunal Constitucional :
_bpublicadas por el Boletín Oficial del Estado en Madrid hasta junio de MCMLXXXVIII.
260 _aMadrid :
_b[Tribunal Constitucional],
_c[1988]
300 _a143 p. ;
_c24 cm.
500 _aCuadros estadísticos.
610 1 _aEspaña.
_bTribunal Constitucional.
_94001
710 1 _aEspaña.
_tLey Orgánica del Tribunal Constitucional, 1979.
_9173849
710 1 _aEspaña.
_bTribunal Constitucional.
_94001
852 4 _aES-MaACL
_jL-13359
999 _c6153
_d6153